Through a Prism, Brightly; Conversation With Women on Religion, Spirituality and Communalism (Record no. 16214)

MARC details
000 -LEADER
fixed length control field 00682nam a2200241 a 4500
020 ## - INTERNATIONAL STANDARD BOOK NUMBER
ISBN
082 00 - DEWEY DECIMAL CLASSIFICATION NUMBER
Classification number 305.4
Author Cutter BAL
100 ## - MAIN ENTRY--AUTHOR NAME
Author name Balasubhramanyan, Vimal
245 ## - TITLE STATEMENT
Title Through a Prism, Brightly; Conversation With Women on Religion, Spirituality and Communalism
260 ## - PUBLICATION, DISTRIBUTION, ETC. (IMPRINT)
Place of publication Secunderabad
Name of publisher Asmita Resource Centre for Women
Year of publication 2005
300 ## - PHYSICAL DESCRIPTION
Number of Pages 107p.
500 ## - GENERAL NOTE
General note includes index and biblioraphy
505 2# - FORMATTED CONTENTS NOTE
Formatted contents note bibliography, index
650 ## - SUBJECT ADDED ENTRY--TOPICAL TERM
Topical Term Fiction
942 ## - ADDED ENTRY ELEMENTS (KOHA)
Koha item type Books
700 1# -
-- Balasubhramanyan, Vimal
Holdings
Collection code Home library Current library Date acquired Cost, normal purchase price Full call number Accession Number Koha item type
  Henry Martyn Institute Library Henry Martyn Institute Library 04/30/2007 85.00 305.4 BAL 021401 Books
                   Copyright © 2026 | Henry Martyn Institute | Hyderabad | TS-500052 | INDIA | Implemented by hmi.edu.in
Hit-Count:

Powered by Koha